Matemáticas viva 1: educación básica primer ciclo
Đã lưu trong:
| Những tác giả chính: | , , , |
|---|---|
| Định dạng: | Sách |
| Ngôn ngữ: | Tiếng Tây Ban Nha |
| Được phát hành: |
Barcelona
Vicens Vives
1998
|
| Phiên bản: | 1a. ed |
| Những chủ đề: | |
| Các nhãn: |
Thêm thẻ
Không có thẻ, Là người đầu tiên thẻ bản ghi này!
|
MARC
| LEADER | 00000nam a2200000 a 4500 | ||
|---|---|---|---|
| 001 | UCH6269 | ||
| 003 | CL-VaPUC | ||
| 008 | 091109e19980000SP |||||||||||||||||spa|d | ||
| 020 | |a 843164334x | ||
| 082 | 0 | 4 | |a 372.7 |b FRA |2 21 |
| 100 | 0 | |a Fraile, Javier |e author |9 542680 | |
| 700 | |a Gómez, Carmen |e author |9 542701 | ||
| 700 | 0 | |a Viera, Ana |e author |9 542682 | |
| 700 | 0 | |a Pérez, Susana |e author |9 542683 | |
| 245 | 1 | 0 | |a Matemáticas viva 1: educación básica primer ciclo |
| 250 | |a 1a. ed | ||
| 300 | |a 178 p | ||
| 942 | |c BK | ||
| 945 | |d 20091109 00:00:00 |a lazolas | ||
| 260 | |a Barcelona |b Vicens Vives |c 1998 | ||
| 650 | 0 | |a Matemática |9 260235 | |
| 650 | 0 | |a Educación básica |9 224933 | |
| 583 | |a last modification |c 20091109 00:00:00 |k Rodrigo Vera | ||
| 999 | |c 337193 |d 337191 | ||